| 000 | 00654cam a22002293a 4500 | ||
|---|---|---|---|
| 001 | 10355 | ||
| 003 | PGUSA | ||
| 005 | 20140828083223.0 | ||
| 008 | 031201s2003||||xxu|||||s|||||000 | eng d | ||
| 040 |
_aPGUSA _beng |
||
| 042 | _adc | ||
| 050 | 4 | _aDT | |
| 100 | 1 |
_aRichardson, James, _d1806-1851 |
|
| 245 | 1 | 0 |
_aTravels in Morocco, Volume 1. _h[electronic resource] / _cJames Richardson |
| 260 |
_bProject Gutenberg, _c2003 |
||
| 506 | _aPublic domain in the USA. | ||
| 516 | _aElectronic text | ||
| 653 | _aMorocco -- Description and travel | ||
| 830 | 0 |
_aProject Gutenberg _v10355 |
|
| 856 | 4 | 0 | _uhttp://www.gutenberg.org/ebooks/10355 |
| 942 | _cEB | ||
| 999 |
_c239610 _d239610 |
||